000 00978nam a2200253Ia 4500
003 GCL
008 140319s9999 xx 000 0 ara d
040 _aGCL /
_cGCL
082 0 4 _a250
_bم س
100 1 _aابن حجر العسقلانى : بدر الدين ابو المعالى محمد بن احمد بن على
245 1 0 _aسبل الاسلام: شرح بلوغ المرام من جمع ادلة الااحكام /
_cابن حجر العسقلانى : بدر الدين ابو المعالى محمد بن احمد بن على
260 _a[S.N] :
_bالمكتبة العصرية للنشر والتوزيع ،
_c1992
300 _aمتعدد
490 _a
650 0 4 _aالاسلام
650 0 4 _aالحديث
650 0 4 _aالاداب الاسلامية
650 0 4 _aالشريعة الاسلامية
650 0 4 _aالفقه الاسلامى
650 0 4 _aالاخلاق
650 0 4 _aالعلوم
650 0 4 _aالاداب
942 _2ddc
_cBK
999 _c29008
_d29008